Programa Nacional de Financiamiento del Desarrollo 2002-2006 / (Registro nro. 8641)
[ vista simple ]
| 000 -LEADER | |
|---|---|
| fixed length control field | 01159nam a2200253Ia 4500 |
| 003 - CONTROL NUMBER IDENTIFIER | |
| control field | OSt |
| 005 - DATE AND TIME OF LATEST TRANSACTION | |
| control field | 20211025110814.0 |
| 008 - FIXED-LENGTH DATA ELEMENTS--GENERAL INFORMATION | |
| fixed length control field | 210310s2002 ho ad fr 000 0 spa d |
| 020 ## - INTERNATIONAL STANDARD BOOK NUMBER | |
| International Standard Book Number | 9688069841 |
| 040 ## - CATALOGING SOURCE | |
| Original cataloging agency | CO-JMCR |
| Transcribing agency | CO-JMCR |
| 041 0# - LANGUAGE CODE | |
| Language code of text/sound track or separate title | spa |
| 082 04 - DEWEY DECIMAL CLASSIFICATION NUMBER | |
| Classification number | 338.9 / |
| Item number | M994p |
| Edition number | 23 |
| 110 1# - MAIN ENTRY--CORPORATE NAME | |
| Corporate name or jurisdiction name as entry element | México. |
| Subordinate unit | Presidencia de la República |
| 9 (RLIN) | 41273 |
| 245 10 - TITLE STATEMENT | |
| Title | Programa Nacional de Financiamiento del Desarrollo 2002-2006 / |
| Statement of responsibility, etc. | México Presidencia de la República |
| 250 ## - EDITION STATEMENT | |
| Edition statement | Primera edición |
| 260 ## - PUBLICATION, DISTRIBUTION, ETC. | |
| Place of publication, distribution, etc. | México : |
| Name of publisher, distributor, etc. | Secretaria de Hacienda y Crédito Público, |
| Date of publication, distribution, etc. | 2002 |
| 300 ## - PHYSICAL DESCRIPTION | |
| Extent | vi, 128 páginas : |
| Other physical details | ilustraciones y gráficas a color ; |
| Dimensions | 31 cm. |
| 500 ## - GENERAL NOTE | |
| General note | Incluye notas a pie de página. |
| 505 0# - FORMATTED CONTENTS NOTE | |
| Formatted contents note | Crecimiento económico y desarrollo -- Diagnostico macroeconómico -- Diagnóstico del sistema financiero -- Perspectivas para la economía global en el mediano plazo -- Política de financiamiento del desarrollo -- Escenarios macroeconómicos y fiscales de mediano plazo |
| 650 14 - SUBJECT ADDED ENTRY--TOPICAL TERM | |
| Topical term or geographic name entry element | Historia económica |
| 9 (RLIN) | 17863 |
| Geographic subdivision | México |
| 650 24 - SUBJECT ADDED ENTRY--TOPICAL TERM | |
| Topical term or geographic name entry element | Finanzas Públicas |
| Geographic subdivision | México |
| 9 (RLIN) | 41274 |
| 650 24 - SUBJECT ADDED ENTRY--TOPICAL TERM | |
| Topical term or geographic name entry element | Condiciones económicas |
| Geographic subdivision | México |
| 9 (RLIN) | 36294 |
| 942 ## - ADDED ENTRY ELEMENTS (KOHA) | |
| Source of classification or shelving scheme | Dewey Decimal Classification |
| Koha item type | Books |
| Withdrawn status | Lost status | Source of classification or shelving scheme | Damaged status | Not for loan | Collection code | Home library | Current library | Date acquired | Source of acquisition | Full call number | Barcode | Date last seen | Copy number | Koha item type |
|---|---|---|---|---|---|---|---|---|---|---|---|---|---|---|
| Dewey Decimal Classification | Non-fiction | Biblioteca Pública José María del Castillo y Rada | Biblioteca Pública José María del Castillo y Rada | 04/15/2018 | Donación | 338.9 / M994p | 430005120 | 05/16/2024 | Ej.1 | Books |